Countries Starting and Ending with Vowels Quiz Stats

 Plays Quiz Updated Jul 2, 2018

Score 0/20 Timer 04:00
8 Plays Today
Country % Correct
Australia
88.2%
India
83.1%
Austria
80.4%
Albania
79.6%
Argentina
78.7%
Algeria
74.1%
Armenia
73.6%
Indonesia
72.9%
Ethiopia
71.9%
Eritrea
71.4%
Country % Correct
Estonia
71.4%
Andorra
71.2%
Angola
68.2%
Uganda
62.4%
Italy
60.3%
Uruguay
58.7%
Antigua and Barbuda
53.8%
Ukraine
50.1%
Equatorial Guinea
37.7%
eSwatini
35.7%

You're not logged in!

Compare scores with friends on all Sporcle quizzes.
OR
Log In

Sporcle TV

Today on Sporcle TV


Watch our educational content, quiz creation guides, and fun videos on Sporcle TV.

Show Comments

Extras

Top Quizzes Today


Score Distribution

Your Account Isn't Verified!

In order to create a playlist on Sporcle, you need to verify the email address you used during registration. Go to your Sporcle Settings to finish the process.

Report this User

Report this user for behavior that violates our Community Guidelines.

Details: